| 000 | 00564nam a22002057a 4500 | ||
|---|---|---|---|
| 003 | OSt | ||
| 005 | 20140310182017.0 | ||
| 008 | 130731t xxu||||| |||| 00| 0 eng d | ||
| 020 | _a0195815076 | ||
| 050 |
_aPS 3503 _b.B922 1982 |
||
| 082 |
_aKF _bB85ox #4 |
||
| 100 |
_aBuck, Pearl S. _93209 |
||
| 245 |
_aDragon seed / _cPearl S. Buck. |
||
| 260 |
_aHong Kong : _bOxford University Press, _cc1982. |
||
| 300 |
_a110 p. : _bill. ; _c22 cm. |
||
| 541 | _j1 | ||
| 562 | _e1 | ||
| 650 |
_a Ling Tan (Fictitious character). _96734 |
||
| 942 |
_2lcc _cBK-KF _kKF |
||
| 999 |
_c8275 _d8275 |
||